Statistics for NHL Teams

Click here to take the quiz!

General Stats

  • This quiz has been taken 13 times
  • The average score is 29 of 32

Answer Stats

Answer% Correct
Detroit Red Wings
100%
Edmonton Oilers
100%
Florida Panthers
100%
Montreal Canadiens
100%
New Jersey Devils
100%
New York Islanders
100%
New York Rangers
100%
Toronto Maple Leafs
100%
Vancouver Canucks
100%
Arizona Coyotes
92%
Boston Bruins
92%
Chicago Blackhawks
92%
Columbus Blue Jackets
92%
Los Angeles Kings
92%
Minnesota Wild
92%
Nashville Predators
92%
Pittsburgh Penguins
92%
San Jose Sharks
92%
Tampa Bay Lightning
92%
Vegas Golden Knights
92%
Washington Capitals
92%
Anaheim Ducks
85%
Calgary Flames
85%
Carolina Hurricanes
85%
Dallas Stars
85%
Ottawa Senators
85%
Philadelphia Flyers
85%
Saint Louis Blues
85%
Seattle Kraken
85%
Winnipeg Jets
85%
Buffalo Sabres
77%
Colorado Avalanche
69%

Score Distribution

Percentile by Number Answered

Percent of People with Each Score

Your Score History

You have not taken this quiz